[Event "Tournoi GMI ECAM LaSalle Lyon 2024"]
[Site "?"]
[Date "2024.04.22"]
[Round "1.3"]
[White "Droin, Augustin"]
[Black "Crut, Aurelien"]
[Result "1-0"]
[WhiteElo "2478"]
[BlackElo "2312"]
[PlyCount "83"]
[EventDate "2024.04.??"]
[EventType "tourn"]

1. e4 {[%emt 0:00:03]} e6 {[%emt 0:00:09]} 2. d4 {[%emt 0:00:20]} d5 3. Nc3 {
[%emt 0:00:05]} a6 {[%emt 0:00:18]} 4. Nf3 {[%emt 0:00:10]} Nf6 {[%emt 0:00:22]
} 5. e5 {[%emt 0:00:04]} Nfd7 {[%emt 0:00:22]} 6. Ne2 {[%emt 0:00:03]} c5 {
[%emt 0:01:02]} 7. c3 {[%emt 0:00:09]} Nc6 {[%emt 0:00:28]} 8. g3 {
[%emt 0:00:05]} b5 {[%emt 0:11:33]} 9. a3 {[%emt 0:00:07]} c4 {[%emt 0:06:28]}
10. Be3 {[%emt 0:07:53]} Qb6 {[%emt 0:11:08]} 11. Nf4 {[%emt 0:05:29]} Be7 {
[%emt 0:04:05]} 12. h4 {[%emt 0:02:15]} Bb7 {[%emt 0:06:31]} 13. Ng5 Bxg5 14.
hxg5 O-O-O 15. Bg2 Na5 16. Qh5 g6 17. Qh6 Nb3 18. Rd1 Rdg8 19. Ne2 Qc7 20. f4
Nb6 21. g4 Kb8 22. f5 Bc8 23. fxe6 Bxe6 24. Bh3 Qe7 25. Nf4 Qf8 26. O-O Qe7 27.
Rf2 Rf8 28. Rdf1 Bc8 29. Bg2 Qd7 30. Bh3 Na5 31. Nh5 gxh5 32. Qxb6+ Nb7 33.
Qxa6 Nd8 34. Qb6+ Bb7 35. e6 Nxe6 36. gxh5 Qe7 37. Rf6 Rhg8 38. Bxe6 fxe6 39.
Bf4+ Kc8 40. Kh2 Rxf6 41. gxf6 Qf7 42. Qc5+ 1-0

[Event "Tournoi GMI ECAM LaSalle Lyon 2024"]
[Site "?"]
[Date "2024.04.22"]
[Round "1.1"]
[White "Vlachos, Anatole"]
[Black "Fedorchuk, Sergey A"]
[Result "1/2-1/2"]
[WhiteElo "2482"]
[BlackElo "2557"]
[PlyCount "76"]
[EventDate "2024.04.??"]
[EventType "tourn"]

1. e4 {[%emt 0:00:04]} c5 {[%emt 0:00:43]} 2. Nf3 {[%emt 0:00:06]} e6 {
[%emt 0:01:01]} 3. c3 {[%emt 0:00:04]} Nf6 {[%emt 0:07:12]} 4. Bd3 {
[%emt 0:04:01]} d5 {[%emt 0:22:30]} 5. e5 {[%emt 0:00:08]} Nfd7 {[%emt 0:00:06]
} 6. Bc2 {[%emt 0:00:16]} c4 {[%emt 0:01:25]} 7. O-O {[%emt 0:01:51]} Nc6 {
[%emt 0:02:22]} 8. Re1 {[%emt 0:00:05]} g6 {[%emt 0:07:35]} 9. d4 {
[%emt 0:02:28]} cxd3 {[%emt 0:01:48]} 10. Qxd3 {[%emt 0:07:24]} Bg7 {
[%emt 0:01:49]} 11. Bf4 {[%emt 0:01:14]} O-O {[%emt 0:02:08]} 12. Nbd2 {
[%emt 0:09:39]} Qc7 {[%emt 0:06:29]} 13. Qe2 {[%emt 0:05:03]} b5 {
[%emt 0:06:01]} 14. Rac1 {[%emt 0:09:16]} Qb6 {[%emt 0:05:51]} 15. Bd3 {
[%emt 0:02:13]} b4 {[%emt 0:12:02]} 16. Nb3 {[%emt 0:10:07]} bxc3 {
[%emt 0:01:28]} 17. Rxc3 {[%emt 0:02:41]} Nb4 {[%emt 0:02:40]} 18. Bb5 {
[%emt 0:02:09]} Nxa2 {[%emt 0:01:47]} 19. Rc6 {[%emt 0:02:01]} Qb8 {
[%emt 0:00:45]} 20. Nbd4 {[%emt 0:03:21]} a6 {[%emt 0:03:47]} 21. Ba4 {
[%emt 0:04:30]} Nb4 {[%emt 0:01:35]} 22. Qd2 {[%emt 0:05:36]} a5 {
[%emt 0:05:32]} 23. Rc3 {[%emt 0:13:15]} Nb6 {[%emt 0:00:41]} 24. Bb5 {
[%emt 0:00:20]} Ba6 {[%emt 0:02:05]} 25. Bxa6 {[%emt 0:00:28]} Rxa6 {
[%emt 0:00:05]} 26. Bh6 {[%emt 0:00:07]} Nc4 {[%emt 0:02:06]} 27. Qf4 {
[%emt 0:00:31]} a4 {[%emt 0:01:44]} 28. Bxg7 {[%emt 0:00:55]} Kxg7 {
[%emt 0:00:02]} 29. Ng5 {[%emt 0:00:42]} Qd8 {[%emt 0:01:06]} 30. Rh3 {
[%emt 0:01:41]} h5 {[%emt 0:00:20]} 31. g4 {[%emt 0:00:10]} Nxb2 {
[%emt 0:00:38]} 32. gxh5 {[%emt 0:03:03]} N2d3 {[%emt 0:00:04]} 33. h6+ {
[%emt 0:02:11]} Kh8 {[%emt 0:00:37]} 34. Nxf7+ {[%emt 0:01:46]} Kh7 {
[%emt 0:00:05]} 35. Ng5+ {[%emt 0:00:41]} Kh8 {[%emt 0:00:05]} 36. Nf7+ {
[%emt 0:05:11]} Kh7 {[%emt 0:00:12]} 37. Ng5+ {[%emt 0:00:06]} Kh8 {
[%emt 0:01:16]} 38. Nf7+ {[%emt 0:02:46]} Kh7 {[%emt 0:00:07]} 1/2-1/2

[Event "Tournoi GMI ECAM LaSalle Lyon 2024"]
[Site "?"]
[Date "2024.04.22"]
[Round "1.4"]
[White "Boyer, Mahel"]
[Black "Poetsch, Hagen"]
[Result "0-1"]
[WhiteElo "2432"]
[BlackElo "2460"]
[PlyCount "58"]
[EventDate "2024.04.??"]
[EventType "tourn"]

1. Nf3 {[%emt 0:00:10]} d5 {[%emt 0:00:19]} 2. e3 {[%emt 0:00:06]} Nf6 {
[%emt 0:00:10]} 3. c4 {[%emt 0:00:04]} e6 {[%emt 0:00:07]} 4. b3 {
[%emt 0:00:07]} c5 {[%emt 0:00:17]} 5. Bb2 {[%emt 0:00:39]} Nc6 {[%emt 0:00:23]
} 6. cxd5 {[%emt 0:00:06]} exd5 {[%emt 0:00:07]} 7. Be2 {[%emt 0:00:03]} d4 {
[%emt 0:01:25]} 8. exd4 {[%emt 0:00:05]} cxd4 {[%emt 0:00:08]} 9. Bb5 {
[%emt 0:00:04]} Bc5 {[%emt 0:00:23]} 10. Qe2+ {[%emt 0:00:04]} Be6 {
[%emt 0:00:33]} 11. Qe5 {[%emt 0:05:24]} Bd6 {[%emt 0:04:01]} 12. Qxd4 {
[%emt 0:04:16]} O-O {[%emt 0:00:08]} 13. Bxc6 {[%emt 0:00:11]} bxc6 {
[%emt 0:00:06]} 14. O-O {[%emt 0:01:37]} Bd5 {[%emt 0:01:10]} 15. Qh4 {
[%emt 0:05:21]} Bxf3 {[%emt 0:00:20]} 16. Bxf6 {[%emt 0:04:12]} gxf6 {
[%emt 0:00:08]} 17. gxf3 {[%emt 0:00:08]} Be5 {[%emt 0:00:19]} 18. Nc3 {
[%emt 0:00:15]} Qd3 {[%emt 0:00:06]} 19. Rfe1 {[%emt 0:43:03]} Kh8 {
[%emt 0:03:19]} 20. Re3 {[%emt 0:03:30]} Rg8+ {[%emt 0:14:31]} 21. Kh1 {
[%emt 0:01:47]} Qg6 {[%emt 0:04:06]} 22. Qh3 {[%emt 0:00:01]} Rg7 {
[%emt 0:06:00]} 23. Rf1 {[%emt 0:04:22]} Bxc3 {[%emt 0:29:00]} 24. Rxc3 {
[%emt 0:07:04]} Rag8 {[%emt 0:00:05]} 25. Rcc1 {[%emt 0:00:19]} Qg5 {
[%emt 0:01:57]} 26. Rfe1 {[%emt 0:18:46]} Rg6 {[%emt 0:03:57]} 27. Rcd1 {
[%emt 0:01:42]} Rh6 {[%emt 0:02:21]} 28. Qg4 {[%emt 0:00:29]} Qd5 {
[%emt 0:00:22]} 29. Qf4 {[%emt 0:00:15]} Rxh2+ {[%emt 0:00:11]} 0-1

[Event "Tournoi GMI ECAM LaSalle Lyon 2024"]
[Site "?"]
[Date "2024.04.22"]
[Round "1.2"]
[White "Gatineau, Yovann"]
[Black "Pourramezanali, Amirreza"]
[Result "0-1"]
[WhiteElo "2408"]
[BlackElo "2502"]
[PlyCount "70"]
[EventDate "2024.04.??"]
[EventType "tourn"]

1. d4 {[%emt 0:00:04]} d5 {[%emt 0:00:06]} 2. c4 {[%emt 0:00:08]} e6 {
[%emt 0:00:04]} 3. Nf3 {[%emt 0:00:20]} Nf6 {[%emt 0:00:05]} 4. Nc3 {
[%emt 0:00:06]} c6 {[%emt 0:00:04]} 5. Qd3 {[%emt 0:00:44]} Nbd7 {
[%emt 0:00:31]} 6. g3 {[%emt 0:00:37]} a5 {[%emt 0:00:08]} 7. Bg2 {
[%emt 0:06:43]} b6 {[%emt 0:00:06]} 8. O-O {[%emt 0:07:45]} Ba6 {[%emt 0:00:09]
} 9. b3 {[%emt 0:00:28]} Be7 {[%emt 0:00:04]} 10. e4 {[%emt 0:08:49]} b5 {
[%emt 0:00:17]} 11. e5 {[%emt 0:20:33]} bxc4 {[%emt 0:00:17]} 12. Qd1 {
[%emt 0:01:43]} Ne4 {[%emt 0:10:23]} 13. Nxe4 {[%emt 0:00:56]} dxe4 {
[%emt 0:00:03]} 14. Nd2 {[%emt 0:00:11]} cxb3 {[%emt 0:05:36]} 15. Re1 {
[%emt 0:00:10]} bxa2 {[%emt 0:00:47]} 16. Bxe4 {[%emt 0:05:11]} Qb6 {
[%emt 0:05:07]} 17. Rxa2 {[%emt 0:06:51]} Bb4 {[%emt 0:08:58]} 18. Qg4 {
[%emt 0:07:09]} O-O {[%emt 0:11:00]} 19. Rd1 {[%emt 0:09:10]} Rae8 {
[%emt 0:07:26]} 20. Bb1 {[%emt 0:07:13]} f5 {[%emt 0:02:03]} 21. exf6 {
[%emt 0:00:44]} Nxf6 {[%emt 0:00:16]} 22. Qh4 {[%emt 0:00:28]} Be2 {
[%emt 0:11:07]} 23. Re1 {[%emt 0:00:08]} Qb5 {[%emt 0:01:03]} 24. Ba3 {
[%emt 0:05:38]} Bd3 {[%emt 0:09:16]} 25. Bxb4 {[%emt 0:04:10]} axb4 {
[%emt 0:00:15]} 26. Ra7 {[%emt 0:01:20]} Bxb1 {[%emt 0:04:19]} 27. Rxb1 {
[%emt 0:00:09]} Qf5 {[%emt 0:04:13]} 28. Rb3 {[%emt 0:03:14]} h6 {
[%emt 0:06:48]} 29. Rb7 {[%emt 0:02:12]} Qc2 {[%emt 0:01:46]} 30. Qf4 {
[%emt 0:00:38]} Qd1+ {[%emt 0:00:32]} 31. Kg2 {[%emt 0:00:23]} Ng4 {
[%emt 0:00:08]} 32. Rb1 {[%emt 0:00:53]} Qe2 {[%emt 0:03:54]} 33. Re1 {
[%emt 0:00:08]} Qxe1 {[%emt 0:00:58]} 34. Qxg4 {[%emt 0:00:06]} Qxf2+ {
[%emt 0:00:05]} 35. Kh3 {[%emt 0:00:06]} Rf7 {[%emt 0:00:04]} 0-1

[Event "Tournoi GMI ECAM LaSalle Lyon 2024"]
[Site "?"]
[Date "2024.04.22"]
[Round "1.5"]
[White "Tahay, Alexis"]
[Black "Shyaamnikhil P"]
[Result "0-1"]
[WhiteElo "2382"]
[BlackElo "2390"]
[PlyCount "60"]
[EventDate "2024.04.??"]
[EventType "tourn"]

1. e4 {[%emt 0:00:06]} e5 {[%emt 0:00:23]} 2. Nf3 {[%emt 0:00:05]} Nc6 {
[%emt 0:00:06]} 3. Bb5 {[%emt 0:00:05]} Nge7 {[%emt 0:01:27]} 4. c3 {
[%emt 0:02:42]} f6 {[%emt 0:03:54]} 5. d4 {[%emt 0:02:10]} d5 {[%emt 0:00:08]}
6. dxe5 {[%emt 0:02:28]} dxe4 {[%emt 0:00:45]} 7. Nd4 {[%emt 0:00:04]} Qd5 {
[%emt 0:10:29]} 8. exf6 {[%emt 0:03:22]} gxf6 {[%emt 0:00:12]} 9. O-O {
[%emt 0:03:35]} Rg8 {[%emt 0:08:41]} 10. Bf4 {[%emt 0:14:52]} Bd7 {
[%emt 0:06:35]} 11. Qe2 {[%emt 0:05:23]} Ng6 {[%emt 0:11:09]} 12. Bxc6 {
[%emt 0:17:43]} bxc6 {[%emt 0:04:04]} 13. Bg3 {[%emt 0:03:45]} f5 {
[%emt 0:26:30]} 14. Nd2 {[%emt 0:07:02]} c5 {[%emt 0:02:18]} 15. Nb5 {
[%emt 0:02:57]} O-O-O {[%emt 0:10:54]} 16. f4 {[%emt 0:28:40]} Qd3 {
[%emt 0:04:27]} 17. Qxd3 {[%emt 0:00:10]} exd3 {[%emt 0:00:04]} 18. Na3 {
[%emt 0:02:31]} h5 {[%emt 0:00:20]} 19. h3 {[%emt 0:02:04]} Bc6 {[%emt 0:01:17]
} 20. Nf3 {[%emt 0:01:57]} h4 {[%emt 0:01:48]} 21. Bh2 {[%emt 0:00:16]} Bd6 {
[%emt 0:01:01]} 22. Nc4 {[%emt 0:02:53]} Bxf4 {[%emt 0:00:16]} 23. Rf2 {
[%emt 0:00:34]} Bg3 {[%emt 0:01:48]} 24. Bxg3 {[%emt 0:00:47]} hxg3 {
[%emt 0:00:07]} 25. Rff1 {[%emt 0:00:03]} Rge8 {[%emt 0:00:21]} 26. Rae1 {
[%emt 0:00:56]} Re2 {[%emt 0:00:22]} 27. Ncd2 {[%emt 0:01:35]} Nf4 {
[%emt 0:01:08]} 28. Rxe2 {[%emt 0:00:07]} dxe2 {[%emt 0:00:09]} 29. Re1 {
[%emt 0:00:10]} Bxf3 {[%emt 0:00:33]} 30. Nxf3 {[%emt 0:00:07]} Rd1 {
[%emt 0:00:04]} 0-1

[Event "Tournoi GMI ECAM LaSalle Lyon 2024"]
[Site "?"]
[Date "2024.04.23"]
[Round "2.4"]
[White "Crut, Aurelien"]
[Black "Tahay, Alexis"]
[Result "1/2-1/2"]
[WhiteElo "2312"]
[BlackElo "2382"]
[PlyCount "62"]
[EventDate "2024.04.??"]
[EventType "tourn"]

1. e4 {[%emt 0:00:02]} c5 {[%emt 0:00:04]} 2. Nf3 {[%emt 0:00:06]} d6 {
[%emt 0:00:04]} 3. Bb5+ {[%emt 0:00:08]} Nd7 {[%emt 0:00:56]} 4. d4 {
[%emt 0:00:10]} cxd4 {[%emt 0:00:08]} 5. Qxd4 {[%emt 0:00:11]} a6 {
[%emt 0:00:25]} 6. Bxd7+ {[%emt 0:00:20]} Qxd7 {[%emt 0:00:04]} 7. O-O {
[%emt 0:05:44]} e5 {[%emt 0:00:20]} 8. Qd3 {[%emt 0:02:00]} Qc6 {[%emt 0:00:18]
} 9. c4 {[%emt 0:10:10]} Be6 {[%emt 0:03:55]} 10. b3 {[%emt 0:10:21]} b5 {
[%emt 0:05:18]} 11. Na3 {[%emt 0:11:04]} Nf6 {[%emt 0:06:16]} 12. Re1 {
[%emt 0:18:15]} bxc4 {[%emt 0:02:00]} 13. Nxc4 {[%emt 0:01:50]} Bxc4 {
[%emt 0:01:37]} 14. Qxc4 {[%emt 0:03:41]} Qxc4 {[%emt 0:01:24]} 15. bxc4 {
[%emt 0:00:02]} Rc8 {[%emt 0:00:21]} 16. Bg5 {[%emt 0:06:10]} Rxc4 {
[%emt 0:04:17]} 17. Bxf6 {[%emt 0:02:09]} gxf6 {[%emt 0:00:06]} 18. Rab1 {
[%emt 0:01:20]} Kd7 {[%emt 0:03:06]} 19. Rb7+ {[%emt 0:06:20]} Rc7 {
[%emt 0:01:14]} 20. Rb6 {[%emt 0:05:35]} Be7 {[%emt 0:09:30]} 21. Rxa6 {
[%emt 0:01:47]} Rb8 {[%emt 0:00:08]} 22. Nh4 {[%emt 0:02:50]} Rb4 {
[%emt 0:03:41]} 23. g3 {[%emt 0:02:22]} Rcc4 {[%emt 0:04:25]} 24. Nf5 {
[%emt 0:02:28]} Ra4 {[%emt 0:00:53]} 25. Rxa4 {[%emt 0:00:19]} Rxa4 {
[%emt 0:00:01]} 26. Re2 {[%emt 0:00:09]} Bd8 {[%emt 0:00:28]} 27. Kg2 {
[%emt 0:03:21]} Bb6 {[%emt 0:05:16]} 28. Rb2 {[%emt 0:01:00]} Ra6 {
[%emt 0:01:14]} 29. Kf3 {[%emt 0:00:18]} Ke6 {[%emt 0:02:29]} 30. Ng7+ {
[%emt 0:03:26]} Ke7 31. Nf5+ Ke6 1/2-1/2

[Event "Tournoi GMI ECAM LaSalle Lyon 2024"]
[Site "?"]
[Date "2024.04.23"]
[Round "2.2"]
[White "Fedorchuk, Sergey A"]
[Black "Gatineau, Yovann"]
[Result "1/2-1/2"]
[WhiteElo "2557"]
[BlackElo "2408"]
[PlyCount "115"]
[EventDate "2024.04.??"]
[EventType "tourn"]

1. e4 {[%emt 0:00:39]} e6 {[%emt 0:00:19]} 2. d4 {[%emt 0:00:31]} d5 {
[%emt 0:00:06]} 3. Nc3 {[%emt 0:01:40]} Nf6 {[%emt 0:00:24]} 4. Bg5 {
[%emt 0:00:19]} dxe4 {[%emt 0:00:28]} 5. Nxe4 {[%emt 0:00:19]} Be7 {
[%emt 0:00:05]} 6. Bxf6 {[%emt 0:01:15]} gxf6 {[%emt 0:00:08]} 7. Nf3 {
[%emt 0:00:25]} a6 {[%emt 0:01:04]} 8. Qe2 {[%emt 0:07:44]} f5 {[%emt 0:06:50]}
9. Ned2 {[%emt 0:03:48]} b5 {[%emt 0:06:31]} 10. g3 {[%emt 0:09:40]} Bb7 {
[%emt 0:08:34]} 11. Bg2 {[%emt 0:00:13]} Nd7 {[%emt 0:02:08]} 12. a4 {
[%emt 0:01:59]} bxa4 {[%emt 0:06:37]} 13. c4 {[%emt 0:02:05]} O-O {
[%emt 0:03:44]} 14. O-O {[%emt 0:02:13]} Bf6 {[%emt 0:05:15]} 15. Rfd1 {
[%emt 0:02:09]} Qe7 {[%emt 0:01:51]} 16. Rxa4 {[%emt 0:03:00]} Rfd8 {
[%emt 0:05:59]} 17. Ra3 {[%emt 0:02:14]} Rab8 {[%emt 0:03:25]} 18. Re3 {
[%emt 0:03:11]} Qb4 {[%emt 0:04:55]} 19. b3 {[%emt 0:05:13]} Nf8 {
[%emt 0:07:45]} 20. Rd3 {[%emt 0:09:34]} c5 {[%emt 0:03:54]} 21. d5 {
[%emt 0:18:59]} exd5 {[%emt 0:00:58]} 22. Ne1 {[%emt 0:00:07]} dxc4 {
[%emt 0:03:39]} 23. Nxc4 {[%emt 0:01:09]} Re8 {[%emt 0:06:49]} 24. Qf1 {
[%emt 0:13:41]} Be4 {[%emt 0:09:47]} 25. Nd6 {[%emt 0:07:51]} Re6 {
[%emt 0:02:20]} 26. Nxe4 {[%emt 0:02:00]} fxe4 {[%emt 0:00:10]} 27. Re3 {
[%emt 0:00:02]} Rbe8 {[%emt 0:05:22]} 28. Nc2 {[%emt 0:01:11]} Qb7 {
[%emt 0:01:54]} 29. Qc4 {[%emt 0:00:37]} Ng6 {[%emt 0:00:11]} 30. Rde1 {
[%emt 0:00:21]} Kg7 {[%emt 0:02:03]} 31. Bxe4 {[%emt 0:00:30]} Qb5 {
[%emt 0:00:34]} 32. Bd5 {[%emt 0:00:51]} Rxe3 {[%emt 0:00:59]} 33. Nxe3 {
[%emt 0:00:16]} Qxc4 {[%emt 0:00:56]} 34. Nf5+ {[%emt 0:00:44]} Kf8 {
[%emt 0:00:14]} 35. Rxe8+ {[%emt 0:00:03]} Kxe8 {[%emt 0:00:02]} 36. Bxc4 {
[%emt 0:00:04]} Ne5 {[%emt 0:01:24]} 37. Bxa6 {[%emt 0:00:15]} Nf3+ {
[%emt 0:00:30]} 38. Kg2 {[%emt 0:00:23]} Nd4 {[%emt 0:00:06]} 39. Nd6+ {
[%emt 0:01:56]} Ke7 {[%emt 0:00:21]} 40. Nc8+ {[%emt 0:00:06]} Kd7 {
[%emt 0:01:50]} 41. Na7 {[%emt 0:00:28]} Nxb3 {[%emt 0:04:20]} 42. Bc4 {
[%emt 0:02:20]} Nd4 {[%emt 0:00:27]} 43. Kh3 {[%emt 0:02:26]} Kc7 {
[%emt 0:05:57]} 44. Nb5+ {[%emt 0:00:27]} Nxb5 {[%emt 0:00:05]} 45. Bxb5 {
[%emt 0:00:02]} Kd6 {[%emt 0:00:36]} 46. Kg4 {[%emt 0:00:08]} Bd4 {
[%emt 0:00:42]} 47. f4 {[%emt 0:00:14]} Ke6 {[%emt 0:00:34]} 48. Bd3 {
[%emt 0:00:11]} h6 {[%emt 0:00:17]} 49. Kh5 {[%emt 0:00:04]} Bg1 {
[%emt 0:00:50]} 50. h4 {[%emt 0:00:46]} Bh2 {[%emt 0:00:21]} 51. f5+ {
[%emt 0:00:14]} Kf6 {[%emt 0:00:36]} 52. Kxh6 {[%emt 0:01:55]} Bxg3 {
[%emt 0:00:06]} 53. h5 {[%emt 0:00:05]} c4 {[%emt 0:00:14]} 54. Bxc4 {
[%emt 0:00:16]} Kxf5 {[%emt 0:00:06]} 55. Kg7 {[%emt 0:00:08]} Bf4 {
[%emt 0:00:05]} 56. Bxf7 {[%emt 0:00:06]} Ke5 {[%emt 0:00:05]} 57. h6 {
[%emt 0:00:06]} Bxh6+ {[%emt 0:00:03]} 58. Kxh6 {[%emt 0:00:04]} 1/2-1/2

[Event "Tournoi GMI ECAM LaSalle Lyon 2024"]
[Site "?"]
[Date "2024.04.23"]
[Round "2.5"]
[White "Boyer, Mahel"]
[Black "Droin, Augustin"]
[Result "1/2-1/2"]
[WhiteElo "2432"]
[BlackElo "2478"]
[PlyCount "113"]
[EventDate "2024.04.??"]
[EventType "tourn"]

1. Nf3 {[%emt 0:00:45]} d5 {[%emt 0:00:33]} 2. e3 {[%emt 0:00:22]} Nf6 {
[%emt 0:00:22]} 3. b3 {[%emt 0:00:41]} e6 {[%emt 0:01:07]} 4. Bb2 {
[%emt 0:00:07]} Bd6 {[%emt 0:00:25]} 5. c4 {[%emt 0:00:07]} b6 {[%emt 0:00:16]}
6. Nc3 {[%emt 0:00:56]} a6 {[%emt 0:00:22]} 7. cxd5 {[%emt 0:01:23]} exd5 {
[%emt 0:00:05]} 8. g3 {[%emt 0:00:07]} O-O {[%emt 0:01:02]} 9. Bg2 {
[%emt 0:00:09]} Bb7 {[%emt 0:04:12]} 10. O-O {[%emt 0:01:05]} Nbd7 {
[%emt 0:00:14]} 11. Ne2 {[%emt 0:01:23]} Re8 {[%emt 0:01:05]} 12. Nf4 {
[%emt 0:07:27]} Nc5 {[%emt 0:10:10]} 13. Qc2 {[%emt 0:06:44]} Ne6 {
[%emt 0:10:11]} 14. Rfe1 {[%emt 0:14:49]} c5 {[%emt 0:04:51]} 15. Nh4 {
[%emt 0:04:29]} Nxf4 {[%emt 0:07:56]} 16. exf4 {[%emt 0:00:23]} Rxe1+ {
[%emt 0:01:25]} 17. Rxe1 {[%emt 0:00:04]} Bf8 {[%emt 0:00:24]} 18. Nf5 {
[%emt 0:07:18]} Qd7 {[%emt 0:25:14]} 19. Bxf6 {[%emt 0:12:27]} gxf6 {
[%emt 0:00:04]} 20. h4 {[%emt 0:00:29]} a5 {[%emt 0:10:25]} 21. d4 {
[%emt 0:07:33]} Re8 {[%emt 0:01:38]} 22. Rd1 {[%emt 0:01:10]} cxd4 {
[%emt 0:03:17]} 23. Nxd4 {[%emt 0:01:04]} Bc5 {[%emt 0:00:06]} 24. Qd3 {
[%emt 0:00:43]} Qg4 {[%emt 0:01:04]} 25. Bf3 {[%emt 0:07:01]} Qg6 {
[%emt 0:00:06]} 26. Qc3 {[%emt 0:01:32]} f5 {[%emt 0:01:43]} 27. Qd3 {
[%emt 0:02:51]} Bc8 {[%emt 0:02:07]} 28. Bxd5 {[%emt 0:05:24]} Rd8 {
[%emt 0:00:41]} 29. Qf3 {[%emt 0:00:03]} Bb7 {[%emt 0:01:52]} 30. Bxb7 {
[%emt 0:08:33]} Rxd4 {[%emt 0:01:52]} 31. Rxd4 {[%emt 0:00:07]} Bxd4 {
[%emt 0:00:04]} 32. Bc8 {[%emt 0:00:19]} Bc5 {[%emt 0:02:50]} 33. Qd3 {
[%emt 0:01:30]} Qf6 {[%emt 0:00:07]} 34. Bxf5 {[%emt 0:00:06]} Qa1+ {
[%emt 0:00:41]} 35. Qb1 {[%emt 0:00:13]} Qxb1+ {[%emt 0:00:33]} 36. Bxb1 {
[%emt 0:00:04]} f6 {[%emt 0:00:10]} 37. Kg2 {[%emt 0:00:21]} h6 {[%emt 0:00:11]
} 38. g4 {[%emt 0:04:38]} Kg7 {[%emt 0:00:46]} 39. Kf3 {[%emt 0:00:25]} Bd4 {
[%emt 0:01:16]} 40. g5 {[%emt 0:01:41]} Bc5 {[%emt 0:00:21]} 41. Bd3 {
[%emt 0:02:42]} Bd4 {[%emt 0:00:15]} 42. Bb5 {[%emt 0:00:07]} Bc5 {
[%emt 0:00:27]} 43. Kg3 {[%emt 0:00:14]} Bd4 {[%emt 0:00:14]} 44. Be8 {
[%emt 0:00:09]} Bc5 {[%emt 0:00:46]} 45. f3 {[%emt 0:00:15]} Be3 {
[%emt 0:00:35]} 46. Kg4 {[%emt 0:00:02]} Bc1 {[%emt 0:00:15]} 47. Kf5 {
[%emt 0:00:33]} Bb2 {[%emt 0:00:18]} 48. Ke6 {[%emt 0:00:19]} Bc3 {
[%emt 0:00:17]} 49. Kd5 {[%emt 0:05:03]} Bd2 {[%emt 0:00:26]} 50. Kc6 {
[%emt 0:00:07]} Be3 {[%emt 0:00:05]} 51. Bd7 {[%emt 0:00:51]} fxg5 {
[%emt 0:01:24]} 52. fxg5 {[%emt 0:01:00]} hxg5 {[%emt 0:00:03]} 53. hxg5 {
[%emt 0:00:05]} Kg6 {[%emt 0:00:03]} 54. f4 {[%emt 0:00:07]} Bxf4 {
[%emt 0:00:03]} 55. Kxb6 {[%emt 0:00:04]} Bd2 {[%emt 0:00:02]} 56. Be8+ {
[%emt 0:01:14]} Kxg5 {[%emt 0:00:05]} 57. Bh5 {[%emt 0:00:49]} 1/2-1/2

[Event "Tournoi GMI ECAM LaSalle Lyon 2024"]
[Site "?"]
[Date "2024.04.23"]
[Round "2.3"]
[White "Shyaamnikhil P"]
[Black "Vlachos, Anatole"]
[Result "1-0"]
[WhiteElo "2390"]
[BlackElo "2482"]
[PlyCount "77"]
[EventDate "2024.04.??"]
[EventType "tourn"]

1. e4 {[%emt 0:00:07]} c6 {[%emt 0:00:15]} 2. d4 {[%emt 0:04:34]} d5 {
[%emt 0:00:06]} 3. Nd2 {[%emt 0:00:50]} dxe4 {[%emt 0:00:06]} 4. Nxe4 {
[%emt 0:00:04]} Nf6 {[%emt 0:00:05]} 5. Nxf6+ {[%emt 0:02:48]} exf6 {
[%emt 0:00:06]} 6. c3 {[%emt 0:04:01]} Bd6 {[%emt 0:00:07]} 7. Bd3 {
[%emt 0:00:07]} O-O {[%emt 0:00:06]} 8. Qc2 {[%emt 0:00:03]} Re8+ {
[%emt 0:00:08]} 9. Ne2 {[%emt 0:00:04]} h5 {[%emt 0:00:07]} 10. Be3 {
[%emt 0:02:46]} Nd7 {[%emt 0:00:10]} 11. Ng3 {[%emt 0:06:18]} Nf8 {
[%emt 0:06:16]} 12. O-O-O {[%emt 0:11:34]} Be6 {[%emt 0:05:43]} 13. Kb1 {
[%emt 0:02:39]} b5 {[%emt 0:04:57]} 14. Be4 {[%emt 0:19:14]} Bd5 {
[%emt 0:27:03]} 15. Bxd5 {[%emt 0:01:42]} cxd5 {[%emt 0:00:16]} 16. Qb3 {
[%emt 0:03:43]} Be7 {[%emt 0:09:40]} 17. Qxb5 {[%emt 0:05:47]} Rb8 {
[%emt 0:01:14]} 18. Qd3 {[%emt 0:01:03]} Qa5 {[%emt 0:01:31]} 19. Nf5 {
[%emt 0:13:44]} Ba3 {[%emt 0:01:15]} 20. Bc1 {[%emt 0:00:23]} Rb6 {
[%emt 0:03:58]} 21. Ka1 {[%emt 0:04:14]} Reb8 {[%emt 0:00:12]} 22. b4 {
[%emt 0:01:08]} Qa4 {[%emt 0:09:44]} 23. Ne7+ Kh8 24. Bxa3 Qxa3 25. Nxd5 Ra6
26. Rd2 Ne6 27. Qf3 Rd8 28. c4 Qa4 29. Ne7 g6 30. Qxf6+ Kh7 31. Qxf7+ Ng7 32.
b5 Rad6 33. Rc1 Qa3 34. Rdc2 Re6 35. Nc6 Rf8 36. Qxa7 Qd3 37. Ne5 Qe4 38. Nf3
Ra8 39. Ng5+ 1-0

[Event "Tournoi GMI ECAM LaSalle Lyon 2024"]
[Site "?"]
[Date "2024.04.23"]
[Round "3.2"]
[White "Gatineau, Yovann"]
[Black "Shyaamnikhil P"]
[Result "1/2-1/2"]
[WhiteElo "2408"]
[BlackElo "2390"]
[PlyCount "61"]
[EventDate "2024.04.??"]
[EventType "tourn"]

1. d4 {[%emt 0:00:16]} Nf6 {[%emt 0:00:37]} 2. c4 {[%emt 0:00:06]} e6 {
[%emt 0:03:17]} 3. Nf3 {[%emt 0:00:16]} Bb4+ {[%emt 0:02:29]} 4. Nbd2 {
[%emt 0:00:10]} O-O {[%emt 0:01:39]} 5. a3 {[%emt 0:00:31]} Be7 {[%emt 0:00:47]
} 6. e4 {[%emt 0:00:07]} d6 {[%emt 0:00:31]} 7. Be2 {[%emt 0:02:13]} Nfd7 {
[%emt 0:04:00]} 8. b4 {[%emt 0:02:07]} e5 {[%emt 0:06:49]} 9. d5 {
[%emt 0:05:23]} a5 {[%emt 0:05:32]} 10. Bb2 {[%emt 0:01:26]} c6 {[%emt 0:05:18]
} 11. O-O {[%emt 0:00:51]} c5 {[%emt 0:15:39]} 12. b5 {[%emt 0:01:37]} g6 {
[%emt 0:03:50]} 13. Ne1 {[%emt 0:02:25]} Bf6 {[%emt 0:01:14]} 14. g3 {
[%emt 0:02:13]} Bg7 {[%emt 0:02:53]} 15. Ng2 {[%emt 0:00:35]} Qe7 {
[%emt 0:01:54]} 16. Qc2 {[%emt 0:02:23]} f5 {[%emt 0:06:52]} 17. exf5 {
[%emt 0:01:06]} gxf5 {[%emt 0:00:07]} 18. f4 {[%emt 0:00:41]} e4 {
[%emt 0:01:27]} 19. Bxg7 {[%emt 0:02:09]} Qxg7 {[%emt 0:00:16]} 20. Kh1 {
[%emt 0:05:33]} Nf6 {[%emt 0:00:31]} 21. Ne3 {[%emt 0:06:11]} h5 {
[%emt 0:00:36]} 22. Rg1 {[%emt 0:06:23]} Qh7 {[%emt 0:04:31]} 23. Raf1 {
[%emt 0:11:57]} Ng4 {[%emt 0:06:32]} 24. Bxg4 {[%emt 0:01:22]} hxg4 {
[%emt 0:00:07]} 25. Qc3 {[%emt 0:03:28]} Nd7 {[%emt 0:04:43]} 26. Rg2 {
[%emt 0:00:45]} Nf6 {[%emt 0:02:13]} 27. Kg1 {[%emt 0:00:48]} Kf7 {
[%emt 0:01:53]} 28. Kf2 {[%emt 0:00:20]} Rh8 {[%emt 0:01:56]} 29. Ke1 {
[%emt 0:01:24]} Bd7 {[%emt 0:03:21]} 30. Kd1 {[%emt 0:00:39]} Qg6 {
[%emt 0:01:03]} 31. Kc1 {[%emt 0:02:12]} 1/2-1/2